|
|
|
|
| LEADER |
00742nta a2200169 i 4500 |
| 001 |
dipl68482 |
| 005 |
20170609083112.0 |
| 008 |
170609s2016 hu om 0|| zxx d |
| 040 |
|
|
|a SZTE Diploma Repozitórium
|b hun
|
| 041 |
|
|
|a zxx
|
| 100 |
2 |
|
|a Tuléziné Ondrejó Márta
|
| 245 |
1 |
2 |
|a A projektpedagógia gyakorlati alkalmazása a kollégiumban
|h [elektronikus dokumentum] /
|c Márta Tuléziné Ondrejó
|
| 246 |
1 |
0 |
|a Practical application of the project pedagogy in the dormitory
|h [elektronikus dokumentum]
|
| 260 |
|
|
|c 2016
|
| 650 |
|
4 |
|a Pedagógusképzés
|
| 700 |
2 |
|
|a Fáyné Dombi Alice Klára
|e ths
|
| 856 |
4 |
0 |
|u http://diploma.bibl.u-szeged.hu/id/eprint/68482/1/2016_Tul%C3%A9zin%C3%A9_Ondrej%C3%B3_M%C3%A1rta_TUOSAAF_SZE_SZ.pdf
|z Dokumentum-elérés
|